La búsqueda de empleo

Gardado en:
Detalles Bibliográficos
Main Authors: Gaudet, Pierre-Pascal (Author), Estier, Maryléne (Author), Riera, Elisabeth (Author)
Formato: Libro
Idioma:Lingua castelá
Publicado: Barcelona Granica 1993
Series:Cuadernos Granica
Subjects:
Tags: Engadir etiqueta
Sen Etiquetas, Sexa o primeiro en etiquetar este rexistro!

MARC

LEADER 00000nam a2200000 a 4500
001 UCH1896
003 CL-VaPUC
005 20241112191053.0
008 090520e19930000SP |||||||||||||||||spa|d
999 |c 333790  |d 333788 
020 |a 9789506411848 
040 |c Pontificia Universidad Católica de Valparaíso 
082 0 4 |a 658.3112  |b GAU  |2 21 
100 0 |a Gaudet, Pierre-Pascal  |e author  |9 536489 
245 1 3 |a La búsqueda de empleo 
260 |a Barcelona  |b Granica  |c 1993 
300 |a 97 p 
490 0 |a Cuadernos Granica 
583 |a last modification  |c 20090520 00:00:00  |k Rodrigo Vera 
650 0 |a Selección de personal  |9 307100 
650 7 |a PUESTO DE TRABAJO  |2 CL-VaPUC  |9 536492 
650 0 |a Empleo  |9 339124 
650 0 |a Administración del personal  |9 260442 
650 0 |a Recursos humanos   |9 228420 
700 0 |a Estier, Maryléne  |e author  |9 536490 
700 0 |a Riera, Elisabeth  |e author  |9 536491 
852 |a BIBCUR 
942 |c BK  |2 ddc 
945 |d 20090520 00:00:00  |a rbrito 
952 |0 0  |1 0  |4 0  |6 658_311200000000000_GAU_1993  |7 0  |8 P  |9 422403  |a BIBEDU  |b BIBEDU  |c BIBEDU_PB  |d 2019-11-22  |i 4551931  |o 658.3112 GAU 1993  |p 4551931  |r 2024-01-25  |w 2019-11-22  |y BK  |k EPE